Illusions : The Adventures of a Reluctant Messiah (Record no. 86967)
[ view plain ]
| 000 -LEADER | |
|---|---|
| fixed length control field | 00516nam a2200193Ia 4500 |
| 008 - FIXED-LENGTH DATA ELEMENTS--GENERAL INFORMATION | |
| fixed length control field | 230125s9999 xx 000 0 und d |
| 020 ## - INTERNATIONAL STANDARD BOOK NUMBER | |
| International Standard Book Number | 978-0-09-942786-5 |
| 041 ## - LANGUAGE CODE | |
| Language code of text/sound track or separate title | eng |
| 082 ## - DEWEY DECIMAL CLASSIFICATION NUMBER | |
| Classification number | 823 |
| Item number | BAC |
| 100 ## - MAIN ENTRY--PERSONAL NAME | |
| Personal name | Bach R |
| 9 (RLIN) | 110220 |
| 245 ## - TITLE STATEMENT | |
| Title | Illusions : The Adventures of a Reluctant Messiah |
| 260 ## - PUBLICATION, DISTRIBUTION, ETC. (IMPRINT) | |
| Date of publication, distribution, etc. | 1998 |
| Name of publisher, distributor, etc. | Arrow publication |
| Place of publication, distribution, etc. | London |
| 300 ## - PHYSICAL DESCRIPTION | |
| Extent | 143p |
| 500 ## - GENERAL NOTE | |
| Keywords | English Literature;Literature |
| 650 ## - SUBJECT ADDED ENTRY--TOPICAL TERM | |
| Topical term or geographic name as entry element | English Literature |
| 700 ## - ADDED ENTRY--PERSONAL NAME | |
| Personal name | Bach R |
| 9 (RLIN) | 110220 |
| 906 ## - LOCAL DATA ELEMENT F, LDF (RLIN) | |
| b | 60 |
| Withdrawn status | Lost status | Damaged status | Not for loan | Home library | Current library | Date acquired | Vendor | Cost, normal purchase price | Bill number | Total Checkouts | Full call number | Barcode | Date last seen | Cost, replacement price | Bill Date | Koha item type | Original Barcode |
|---|---|---|---|---|---|---|---|---|---|---|---|---|---|---|---|---|---|
| Smt. Hiraben Nanavati Institute of Management & Research for Women | Smt. Hiraben Nanavati Institute of Management & Research for Women | 17/09/2010 | House of Success | 299.00 | 998 | 823 BAC B08881 | HIMR-BK-8881 | 25/01/2023 | 239.00 | 07/09/2010 | Books | B08881 |